Myanmar foods & beverages directory.
| Format: | Book |
|---|---|
| Published: |
Yangon:
IMEX (Myanmar),
2010.
|
| LEADER | 00261cam a2200085 7i4500 | ||
|---|---|---|---|
| 001 | 0000025347 | ||
| 005 | 20101216090000.0 | ||
| 245 | 0 | 0 | |a Myanmar foods & beverages directory. |
| 260 | 0 | 0 | |a Yangon: |b IMEX (Myanmar), |c 2010. |
| 999 | |a B000028068 |b Directories |c Countries |e Business Information Centre | ||